Ekonomie se potkáva s ekologií investice do budoucnosti naší planety
Udržateľný rozvoj budúcim megatrendom. Glogálne klimatické zmeny. Hrozivý úbytok zdrojov. Trvalá udržateľnosť zdrojov. Strategické investovanie. Prioritné oblasti: obnoviteľná energia, ochrana klímy, čistá voda, nové materiály.
Gespeichert in:
| 1. Verfasser: | |
|---|---|
| Format: | Buchkapitel |
| Sprache: | Tschechisch |
| Schlagworte: | |
| Tags: |
Keine Tags, Fügen Sie das erste Tag hinzu!
|
MARC
| LEADER | 00000naa$a2200000$$$4500 | ||
|---|---|---|---|
| 001 | 0057306 | ||
| 005 | 20231010094305.3 | ||
| 041 | 0 | |a cze | |
| 044 | |a CZ | ||
| 245 | 1 | 0 | |a Ekonomie se potkáva s ekologií |b investice do budoucnosti naší planety |c Martin Svoboda |
| 520 | |a Udržateľný rozvoj budúcim megatrendom. Glogálne klimatické zmeny. Hrozivý úbytok zdrojov. Trvalá udržateľnosť zdrojov. Strategické investovanie. Prioritné oblasti: obnoviteľná energia, ochrana klímy, čistá voda, nové materiály. | ||
| 610 | 2 | 0 | |a ekonómia |
| 610 | 2 | 0 | |a investície |
| 610 | 2 | 0 | |a bankovníctvo investičné |
| 610 | 2 | 0 | |a zdroje energetické |
| 610 | 2 | 0 | |a zdroje energie obnoviteľné |
| 610 | 2 | 0 | |a voda |
| 610 | 2 | 0 | |a materiál |
| 100 | 1 | |a Svoboda, Martin | |